Statistics for Most Popular Baby Girl Names in the U.S.

Click here to take the quiz!

General Stats

  • This quiz has been taken 92,477 times
    (8,182 since last reset)
  • The average score is 9 of 18

Answer Stats

Name % Correct
Olivia
86%
Emma
82%
Emily
72%
Isabella
71%
Elizabeth
60%
Sofia
58%
Sophia
58%
Ava
49%
Charlotte
46%
Ella
42%
Madison
41%
Abigail
40%
Mia
38%
Amelia
38%
Evelyn
28%
Harper
27%
Avery
22%
Mila
10%

Score Distribution

Percentile by Number Answered

Percent of People with Each Score

Your Score History

You have not taken this quiz since the last reset